Fr. Conceicao Rodrigues College of Engineering

Alchemist (Record no. 26720)

MARC details
000 -LEADER
fixed length control field 00338nam a2200169Ia 4500
082 ## - DEWEY DECIMAL CLASSIFICATION NUMBER
Classification number 910/PAU
Item number PAU
100 ## - MAIN ENTRY--PERSONAL NAME
Personal name Paulo/Coelho
245 ## - TITLE STATEMENT
Title Alchemist
260 ## - PUBLICATION, DISTRIBUTION, ETC.
Name of publisher, distributor, etc. Harper collins
Place of publication, distribution, etc. New Delhi
Date of publication, distribution, etc. 2006
366 ## - TRADE AVAILABILITY INFORMATION
Publishers's discount category 20
300 ## - PHYSICAL DESCRIPTION
Extent 177
546 ## - LANGUAGE NOTE
Language note ENGLISH
650 ## - SUBJECT ADDED ENTRY--TOPICAL TERM
Topical term or geographic name entry element General
654 ## - SUBJECT ADDED ENTRY--FACETED TOPICAL TERMS
Focus term alchemist
942 ## - ADDED ENTRY ELEMENTS (KOHA)
Koha item type BOOK
Holdings
Withdrawn status Lost status Damaged status Not for loan Collection Home library Current library Shelving location Date acquired Cost, normal purchase price Total Checkouts Full call number Barcode Date last seen Cost, replacement price Price effective from Koha item type Date last checked out
        CRC Fr. Agnel's C.Rodrigues College of Engineering AGNEL TECHNICAL COLLEGE LIBRARY   17/03/2023 175.00 1 910/PAU PAU 16644 12/09/2023 195.00   BOOK 09/08/2023
        CRC Fr. Agnel's C.Rodrigues College of Engineering Fr. Agnel's C.Rodrigues College of Engineering   17/03/2023 175.00   910/PAU PAU 16643 17/03/2023 195.00   BOOK  
        CRC Fr. Agnel's C.Rodrigues College of Engineering Fr. Agnel's C.Rodrigues College of Engineering   17/03/2023 175.00   910/PAU PAU 16645 17/03/2023 195.00   BOOK  
        CRC Fr. Agnel's C.Rodrigues College of Engineering Fr. Agnel's C.Rodrigues College of Engineering   17/03/2023 175.00   910/PAU PAU 16646 17/03/2023 195.00   BOOK  
        CRC Fr. Agnel's C.Rodrigues College of Engineering Fr. Agnel's C.Rodrigues College of Engineering   17/03/2023 175.00   910/PAU PAU 16647 17/03/2023 195.00   BOOK